| 000 | 00687nam a2200229 a 4500 | ||
|---|---|---|---|
| 001 | 55247 | ||
| 003 | BD-RjUL | ||
| 005 | 20211209080234.0 | ||
| 008 | 161115s1962 nyua b 001 0 eng | ||
| 035 | _a(BD-RjUL)55369 | ||
| 040 |
_aDLC/ICU _cICU _dICU _dBD-RjUL _beng |
||
| 041 | _aeng | ||
| 082 | 0 | 0 |
_a576.5 _222 _bKIG 1962 |
| 100 | 1 |
_aKing, Robert C. _9164598 |
|
| 245 | 0 | 0 |
_aGenetics / _cRobert C. King ; illustrated by E. John Pfiffner. |
| 260 |
_aNew York : _bOxford University Press, _cc1962. |
||
| 300 |
_axiv, 347 p. : _bill. ; _c26 cm. |
||
| 504 | _aIncludes bibliographies and index | ||
| 650 | 0 |
_aGenetics. _9164599 |
|
| 700 |
_aPfiffner, E. John _9226768 |
||
| 942 |
_2ddc _cBK |
||
| 999 |
_c55247 _d55247 |
||